000 00283nam a22001217a 4500
082 _a001
_bSIE/G
100 _aGOVT. OF INDIA
245 _aSIET KERALA, GENERAL SUBJECTS
_b LIGHT PART-1, II
260 _aNEW DELHI
_bGOVT. OF INDIA
300 _bVDC
520 _aREFERENCE
942 _cBK
999 _c7953
_d7953